000 00566nam a2200241 a 4500
001 nice12345678
003 IN_TiNIC
005 20260116012438.0
008 050524s1910 hyda grp 000 0 urd
020 _a
_c100
082 0 0 _a891.41
_bJAL
100 _aJalil, Hasan
245 _aTaj-E-Sukhan
260 _aHyderabad
_bMarkazi Anjuman Taleemus Salat
_c1910
300 _a316p
500 _aincludes index and biblioraphy
505 2 _aIndex
650 _aUrdu-Poetry
700 1 _aJalil, Hasan
902 _bSRS
942 _cBK
999 _c7056
_d7056